000 00704nam a2200217 a 4500
001 000728690
003 AM-YeHGA
005 20250618073742.0
008 100414s1962 ||| r 000 0 aze d
040 _aAM-YeHGA
041 0 _aaze
100 1 _aՇիրվանզադե, Ալեքսանդր Մինասի,
_d1858-1935
_91334
245 1 0 _aХаос :
_bРоман /
_cА. Ширванзаде.
260 _aБаку :
_bБ. и.,
_c1962.
300 _a363 с. ;
_cпортр., ил.
546 _aАзерб.
653 0 _aБуржуазия в Закавказье (х.л.)
653 0 _aНефтяные промыслы - Баку (х.л.)
653 0 _aБаку, 19 в. (х.л.)
090 _c270985
999 _c269348
_d269348